[Event "Match"]
[Site "www.echecsemail.com"]
[Date "2017.04.08"]
[Round "1"]
[White "Leeds"]
[Black "Raulazo"]
[WhiteElo "1730"]
[BlackElo "1840"]
[Result "0-1"]
[Round "1"]
1.d4 e6
2.e4 Ng8f6
3.e5 Nf6d5
4.c4 Nd5b6
5.Ng1f3 Bf8e7
6.Nb1c3 Be7b4
7.Bc1d2 Bb4xc3
8.Bd2xc3 d5
9.c5 Nb6d7
10.Bf1e2 b6
11.b4 a5
12.a3 O-O
13.O-O f6
14.exf6 Qd8xf6
15.Qd1d2 Nb8c6
16.Be2b5 Bc8b7
17.Bb5xc6 Bb7xc6
18.cxb6 cxb6
19.Rf1e1 Bc6b5
20.Nf3e5 Nd7b8
21.Re1e3 Nb8d7
22.Ne5xd7 Bb5xd7
 { time }
0-1

[Event "1/64 Finale"]
[Site "www.chess-mail.com"]
[Date "2017.04.08"]
[Round "1"]
[White "Shirovkirk"]
[Black "Ecijaajedrez"]
[WhiteElo "2420"]
[BlackElo "2410"]
[Result "0-1"]
[Round "1"]
1.e4 c5
2.d4 cxd4
3.c3 dxc3
4.Nb1xc3 Nb8c6
5.Bf1c4 e6
6.Ng1f3 d6
7.O-O Ng8f6
8.Qd1e2 Bf8e7
9.Rf1d1 e5
10.h3 O-O
11.Bc1e3 Bc8e6
12.Bc4xe6 fxe6
13.Nf3g5 Qd8d7
14.Qe2c4 Nc6d8
15.Ra1c1 a6
16.Qc4b3 Ra8c8
17.Be3b6 h6
18.Bb6xd8 hxg5
19.Bd8xe7 Qd7xe7
 { time }
0-1

[Event "1/128 Finale"]
[Site "www.chess-mail.com"]
[Date "2017.04.08"]
[Round "1"]
[White "Sunny"]
[Black "Odin"]
[WhiteElo "1809"]
[BlackElo "1830"]
[Result "0-1"]
[Round "1"]
1.d4 d5
2.c4 c6
3.Ng1f3 Ng8f6
4.Nb1c3 g6
5.cxd5 cxd5
6.Bc1f4 Nb8c6
7.e3 Bf8g7
8.h3 O-O
9.Bf1d3 Rf8e8
10.O-O a6
11.Ra1c1 Qd8b6
12.Qd1e2 Nc6b4
 { time }
0-1

[Event "1/64 Finale"]
[Site "www.chess-mail.com"]
[Date "2017.04.08"]
[Round "1"]
[White "Autmich"]
[Black "Attatroll"]
[WhiteElo "1720"]
[BlackElo "1970"]
[Result "1-0"]
[Round "1"]
1.e4 d6
2.d4 Ng8f6
3.Nb1c3 g6
4.Ng1f3 Bf8g7
5.Bc1e3 O-O
6.Bf1e2 Nb8c6
7.O-O a6
8.Rf1e1 e5
9.Qd1d2 Bc8g4
10.Ra1d1 exd4
11.Nf3xd4 Nc6e5
12.Be2xg4 Ne5xg4
13.Be3g5 Qd8d7
14.h3 Ng4e5
15.b3 b5
16.f4 Ne5c6
17.Nd4xc6 Qd7xc6
18.Bg5xf6 Bg7xf6
19.Nc3d5 Bf6g7
20.Nd5e7 { resign }
1-0

[Event "Tourn. n9316"]
[Site "www.chess-mail.com"]
[Date "2017.04.09"]
[Round "1"]
[White "Francesco"]
[Black "Coolant"]
[WhiteElo "2140"]
[BlackElo "2260"]
[Result "0-1"]
[Round "1"]
1.e4 Nb8c6
2.d4 d5
3.e5 f6
4.exf6 Ng8xf6
5.Ng1f3 Bc8g4
6.Bf1e2 Qd8d6
7.O-O O-O-O
8.h3 Bg4xf3
9.Be2xf3 e5
10.dxe5 Nc6xe5
11.Nb1c3 c6
12.Bc1f4 Ne5xf3
13.Kh1 Qd6xf4
{ resign }
0-1

[Event "Tourn. n9158"]
[Site "www.chess-mail.com"]
[Date "2017.04.09"]
[Round "1"]
[White "Winston"]
[Black "Passaroa25"]
[WhiteElo "1620"]
[BlackElo "1600"]
[Result "1-0"]
[Round "1"]
1.e4 c6
2.d4 d6
3.c4 e6
4.Ng1f3 h6
5.Nb1c3 Ng8e7
6.Bf1e2 f6
7.e5 Ne7g6
8.Qd1d3 Kf7
9.exf6 gxf6
10.O-O Bf8e7
11.Bc1e3 Nb8d7
12.Qd3d2 Nd7b6
13.Be3xh6 Rh8xh6
14.Qd2xh6 Qd8h8
15.Qh6xh8 Ng6xh8
16.b3 Bc8d7
17.Rf1d1 Nh8g6
18.d5 Ng6f4
19.dxe6 Bd7xe6
20.Rd1d2 a6
21.Ra1d1 Ra8d8
22.h3 Nb6c8
23.Kf1 Nf4xe2
24.Kxe2 Be6f5
25.g4 Bf5e6
26.Nf3d4 Rd8h8
27.Nd4xe6 Kxe6
28.Rd1h1 Nc8b6
29.f4 Kd7
30.f5 Nb6c8
31.a4 Be7f8
32.Kd3 Nc8e7
33.Rd2g2 Bf8h6
34.Nc3e4 Bh6g7
35.Ne4g3 c5
36.Ng3h5 Rh8g8
37.Rh1e1 Rg8e8
38.Nh5xg7 Re8h8
39.Ng7h5 Ne7g8
40.Rg2e2 Rh8h7
41.Re2e8 Rh7e7
42.Nh5xf6 Ng8xf6
43.Re8xe7 Kc6
44.Re1e6 Nf6g8
45.Re7e8 b5
46.Re8xg8 bxa4
47.bxa4 { resign }
1-0

[Event "Tourn. n9287"]
[Site "www.chess-mail.com"]
[Date "2017.04.09"]
[Round "1"]
[White "Ffdd65"]
[Black "Sozaro"]
[WhiteElo "2110"]
[BlackElo "2089"]
[Result "0-1"]
[Round "1"]
1.e4 c5
2.Bf1c4 e6
3.Ng1f3 d5
4.Bc4b5 Nb8c6
5.Bb5xc6 bxc6
6.e5 Ng8e7
7.c3 Ne7g6
8.d4 Bc8a6
9.Bc1e3 cxd4
10.Qd1xd4 Qd8b8
11.b3 Bf8e7
12.Nb1d2 O-O
13.Be3g5 Be7xg5
14.Nf3xg5 c5
15.Qd4e3 Ng6xe5
16.Ng5f3 Ne5d3
17.Kd1 Rf8d8
18.Nd2b1 d4
19.Qe3d2 dxc3
{ resign }
0-1

[Event "Tourn. n9280"]
[Site "www.chess-mail.com"]
[Date "2017.04.09"]
[Round "1"]
[White "Nulladies"]
[Black "Formargo"]
[WhiteElo "1800"]
[BlackElo "1600"]
[Result "1-0"]
[Round "1"]
1.d4 Ng8f6
2.Bc1f4 b6
3.e3 Bc8b7
4.Ng1f3 e6
5.Nb1d2 Bf8e7
6.Bf1d3 c5
7.c3 O-O
8.h3 Nb8c6
9.Bd3c2 Bb7a6
10.Rh1g1 cxd4
11.exd4 d6
12.Bc2a4 Ra8c8
13.Qd1c2 Nc6b4
14.Qc2b1 Nb4d3
15.Kd1  { time }
1-0

[Event "Match"]
[Site "www.echecsemail.com"]
[Date "2017.04.09"]
[Round "1"]
[White "Manolinex"]
[Black "Szustan"]
[WhiteElo "2880"]
[BlackElo "2660"]
[Result "1-0"]
[Round "1"]
1.e4 e5
2.Ng1f3 Nb8c6
3.Bf1b5 a6
4.Bb5a4 Ng8f6
5.O-O Nf6xe4
6.d4 b5
7.Ba4b3 d5
8.dxe5 Bc8e6
9.Nb1d2 Ne4c5
10.c3 Nc5xb3
11.Nd2xb3 Bf8e7
12.Nf3d4 Nc6xd4
13.cxd4 a5
14.Qd1c2 Qd8d7
15.Bc1f4 Be6f5
16.Qc2c3 O-O
17.Rf1c1 a4
18.Nb3c5 Qd7c6
19.Qc3g3 Qc6g6
20.Qg3xg6 Bf5xg6
21.g4 h5
22.h3 hxg4
23.hxg4 Ra8c8
24.Kg2 c6
25.Kg3 Rf8e8
26.Bf4d2 f6
27.f4 Bg6h7
28.a3 Bh7e4
29.Bd2b4 fxe5
30.dxe5 Be7xc5
31.Rc1xc5 Re8e6
32.Ra1e1 Re6g6
33.Re1xe4 dxe4
34.f5 Rg6h6
35.e6 e3
36.g5 Rh6h8
37.f6 { resign }
1-0

[Event "Match"]
[Site "www.echecsemail.com"]
[Date "2017.04.09"]
[Round "1"]
[White "Coraza8091"]
[Black "Billyg"]
[WhiteElo "1570"]
[BlackElo "1730"]
[Result "0-1"]
[Round "1"]
1.c4 c6
2.Nb1c3 d5
3.e3 d4
4.Nc3e4 dxe3
5.d3 f5
6.Ne4g3 exf2
7.Kxf2 e5
8.Ng1f3 Bf8c5
9.Ke1 Ng8f6
10.Bc1g5 h6
11.Bg5c1 e4
12.Qd1e2 O-O
13.dxe4 Rf8e8
14.Nf3d2 Bc5b4
15.a3 Bb4xd2
16.Qe2xd2 Qd8xd2
17.Bc1xd2 Nf6xe4
18.Ng3xe4 Re8xe4
19.Bf1e2 f4
20.Rh1f1 Bc8g4
21.Rf1f2 g5
22.Kf1 Bg4xe2
23.Kg1 Nb8d7
24.b3 Ra8e8
25.h3 Nd7c5
26.b4 Nc5d3
27.Rf2f3 Be2xf3
28.gxf3 Re4xc4
29.Ra1d1 Re8d8
30.Kg2 Nd3b2
31.Rd1e1 Rc4c2
 { time }
0-1

[Event "Tourn. n9308"]
[Site "www.chess-mail.com"]
[Date "2017.04.10"]
[Round "1"]
[White "Leonger"]
[Black "Estonia"]
[WhiteElo "2130"]
[BlackElo "2080"]
[Result "1-0"]
[Round "1"]
1.d4 d5
2.c4 Ng8f6
3.cxd5 Nf6xd5
4.e4 Nd5b6
5.Ng1f3 Bc8g4
6.Bf1e2 Bg4xf3
7.Be2xf3 Nb8c6
8.d5 Nc6e5
9.O-O g6
10.Bf3e2 Bf8g7
11.f4 Ne5d7
12.Nb1c3 O-O
13.e5 a6
14.Bc1e3 e6
15.dxe6 fxe6
16.a4 c6
17.Qd1b3 Qd8e7
18.Be3xb6 Nd7xb6
19.Qb3xb6 Ra8d8
20.Nc3e4 h6
21.Ne4c5 Rd8d2
22.Be2g4 Kh7
23.Nc5xe6 Rf8c8
24.Ne6xg7 Kxg7
25.Bg4xc8 Qe7h4
26.Qb6xb7 Kh8
27.Ra1d1 Rd2d8
28.g3 { resign }
1-0

[Event "Tourn. n9280"]
[Site "www.chess-mail.com"]
[Date "2017.04.10"]
[Round "1"]
[White "Formargo"]
[Black "Taxrama"]
[WhiteElo "1600"]
[BlackElo "1780"]
[Result "0-1"]
[Round "1"]
1.e4 e5
2.Ng1f3 d6
3.d4 Nb8c6
4.Bf1c4 h6
5.dxe5 Nc6xe5
6.Nf3xe5 dxe5
7.Qd1xd8 Kxd8
8.Bc4xf7 Bc8d7
9.Nb1c3 Bf8b4
10.Bc1d2 Ng8e7
11.f3 Rh8f8
12.Bf7c4 a6
13.O-O-O Ra8b8
14.Bd2e3 Ne7c6
 { time }
0-1

[Event "Tourn. n9154"]
[Site "www.chess-mail.com"]
[Date "2017.04.10"]
[Round "1"]
[White "Piriot"]
[Black "Osopanda"]
[WhiteElo "1909"]
[BlackElo "1990"]
[Result "1-0"]
[Round "1"]
1.Ng1f3 d6
2.d4 g6
3.e4 Bf8g7
4.Bf1c4 e6
5.O-O Ng8e7
6.Nb1c3 O-O
7.a3 Nb8d7
8.Bc1f4 e5
9.dxe5 dxe5
10.Bf4e3 c6
11.Qd1d2 Qd8c7
12.Ra1d1 Nd7b6
13.Bc4a2 Bc8e6
14.Ba2xe6 fxe6
15.Qd2d6 Qc7xd6
16.Rd1xd6 Ra8d8
17.Rd6xe6 Nb6c8
18.Be3g5 Rf8e8
19.Nf3xe5 Bg7xe5
20.Re6xe5 Kf7
21.f4 Rd8d2
22.Rf1f2 Rd2xf2
23.Kxf2 Ne7g8
24.Re5xe8 Kxe8
25.e5 h6
26.Bg5h4 Nc8e7
27.g4 Ne7d5
28.Nc3e2 Kf7
29.Kf3 Ng8e7
30.Ne2d4 a6
31.Ke4 g5
32.fxg5 hxg5
33.Bh4xg5 Ne7g6
34.h4 Nd5e7
35.h5 Ng6f8
36.e6 Nf8xe6
37.Bg5xe7 Kxe7
38.Nd4xe6 Kxe6
39.g5 b6
40.h6 Kf7
41.h7 Kg7
42.g6 c5
43.Kd5 a5
44.Kc6 { resign }
1-0

[Event "Tourn. n9084"]
[Site "www.chess-mail.com"]
[Date "2017.04.10"]
[Round "1"]
[White "Ozana"]
[Black "Osopanda"]
[WhiteElo "2010"]
[BlackElo "2110"]
[Result "0-1"]
[Round "1"]
1.Ng1f3 d6
2.d4 Ng8f6
3.c4 c5
4.Nb1c3 cxd4
5.Nf3xd4 a6
6.e3 e5
7.Nd4b3 Bc8e6
8.e4 Nb8d7
9.Bf1d3 Ra8c8
10.Qd1e2 Bf8e7
11.h3 O-O
12.O-O Nd7b6
13.Nc3d5 Nb6xd5
14.cxd5 Be6d7
15.Bc1e3 b5
16.Rf1c1 h6
17.Qe2d2 Kh7
18.Nb3a5 Nf6g8
19.Rc1xc8 Qd8xc8
20.Ra1c1 Qc8a8
21.Rc1c7 Qa8e8
22.Na5c6 Bd7xc6
23.Rc7xc6 Qe8a8
24.Qd2a5 Rf8c8
25.Rc6xa6 Qa8b8
26.Ra6b6 Qb8c7
27.Qa5xb5 Qc7d8
28.a4 g6
29.a5 Kg7
30.g3 Be7g5
31.f4 exf4
32.gxf4 Bg5h4
33.a6 Ng8f6
 { time }
0-1

[Event "Tourn. n9170"]
[Site "www.chess-mail.com"]
[Date "2017.04.10"]
[Round "1"]
[White "Rons"]
[Black "Szustan"]
[WhiteElo "2550"]
[BlackElo "2670"]
[Result "1/2-1/2"]
[Round "1"]
1.e4 e5
2.Ng1f3 Nb8c6
3.Bf1b5 a6
4.Bb5a4 Ng8f6
5.O-O Nf6xe4
6.d4 b5
7.Ba4b3 d5
8.dxe5 Bc8e6
9.Nb1d2 Ne4c5
10.c3 Bf8e7
11.Bb3c2 Be6g4
12.Rf1e1 O-O
13.Nd2f1 Rf8e8
14.h3 Bg4xf3
15.Qd1xf3 Be7f6
16.Re1d1 Nc6xe5
17.Qf3xd5 Qd8xd5
18.Rd1xd5 Nc5a4
19.Bc2xa4 bxa4
20.Ra1b1 Ra8b8
21.Nf1e3 Rb8d8
22.Kf1 g6
23.Ke2 Kg7
24.f4 Ne5c4
25.Rd5xd8 Bf6xd8
26.Kf3 Nc4d6
27.Bc1d2 Bd8f6
28.Rb1d1 h5
29.g4 hxg4
30.hxg4 Re8h8
31.g5 Bf6e7
32.c4 Kf8
33.Kg2 Nd6e4
34.Bd2e1 f5
35.Rd1d7 Be7d6
36.Ne3d5 Ke8
37.Rd7g7 Kf8
38.Rg7xg6 Kf7
39.Rg6h6 Rh8xh6
40.gxh6 Kg6
41.Be1b4 Kxh6
42.Bb4xd6 cxd6
43.Nd5e3 Kg6
{ draw }
1/2-1/2

[Event "Tourn. n9305"]
[Site "www.chess-mail.com"]
[Date "2017.04.10"]
[Round "1"]
[White "Attatroll"]
[Black "Johnmcbride"]
[WhiteElo "1970"]
[BlackElo "1960"]
[Result "1-0"]
[Round "1"]
1.e4 e5
2.f4 Nb8c6
3.Ng1f3 d6
4.Bf1c4 a6
5.O-O b5
6.Bc4d5 Bc8b7
7.fxe5 Ra8b8
8.exd6 Qd8xd6
9.Nb1c3 Ng8f6
10.Bd5xc6 Qd6xc6
11.Nf3e5 Qc6c5
12.d4 Qc5d6
13.Ne5xf7 Kxf7
14.e5 Qd6c6
15.d5 Bf8c5
16.Kh1 Qc6b6
17.Qd1h5 g6
18.Qh5f3 Rh8f8
19.Bc1g5 Kg8
20.Bg5xf6 c6
21.Qf3h3 Bb7c8
22.Qh3h6 Rf8xf6
23.exf6 Bc5f8
24.f7 { resign }
1-0

[Event "Tourn. n9196"]
[Site "www.chess-mail.com"]
[Date "2017.04.10"]
[Round "1"]
[White "Odin"]
[Black "Sorim"]
[WhiteElo "1890"]
[BlackElo "1960"]
[Result "0-1"]
[Round "1"]
1.d4 Ng8f6
2.c4 e6
3.Nb1c3 d5
4.Ng1f3 c6
5.Qd1c2 dxc4
6.e4 b5
7.Bc1g5 Bf8e7
8.Bg5xf6 Be7xf6
9.Ra1d1 Nb8d7
10.e5 Bf6e7
11.a3 Nd7b6
12.g3 O-O
13.Bf1g2 Nb6d5
14.O-O Bc8b7
15.Qc2d2 h6
16.Nc3e4 a5
17.Nf3h4 Be7xh4
18.gxh4 Qd8xh4
19.Ne4g3 f5
20.f4 Bb7c8
21.Qd2f2 Bc8d7
22.Ng3e2 Qh4xf2
23.Rf1xf2 Bd7e8
24.Ne2c3 Be8h5
25.Rd1f1 b4
26.axb4 axb4
27.Nc3e2 Ra8a2
28.b3 Bh5xe2
29.Rf1e1 Nd5c3
30.Bg2xc6 cxb3
31.Bc6d7 Be2c4
32.Rf2g2 Rf8d8
33.Bd7c6 Rd8xd4
34.h4 Ra2xg2
35.Bc6xg2 Rd4xf4
36.h5 b2
{ resign }
0-1

[Event "Tourn. n9082"]
[Site "www.chess-mail.com"]
[Date "2017.04.10"]
[Round "1"]
[White "Azulmarino"]
[Black "Passaroa25"]
[WhiteElo "1570"]
[BlackElo "1590"]
[Result "0-1"]
[Round "1"]
1.e4 c6
2.d3 d6
3.Bc1f4 e5
4.Bf4e3 Bc8e6
5.Ng1f3 f6
6.g3 Be6f7
7.Bf1h3 Nb8d7
8.Bh3f5 Nd7b6
9.Be3xb6 Qd8xb6
10.Nb1c3 Qb6xb2
11.Nc3a4 Qb2b4
12.c3 Qb4a5
13.Ra1b1 b5
14.Na4b2 Qa5xc3
15.Nf3d2 Qc3a5
16.Qd1c1 Ng8e7
17.Qc1d1 g6
18.Bf5g4 Qa5xa2
19.O-O Qa2a6
20.Nd2f3 Bf8g7
21.Rb1a1 Qa6b7
22.Rf1e1 h5
23.Qd1d2 O-O
24.Bg4h3 a6
25.g4 g5
26.Nb2d1 h4
27.Nd1e3 Bf7g6
28.Re1c1 Ra8c8
29.Qd2b4 c5
30.Qb4b3 Bg6f7
31.Qb3d1 Ne7g6
32.Ne3f5 Rc8d8
33.Qd1d2 Rd8d7
34.Ra1a5 b4
35.Rc1b1 Ng6f4
36.Bh3f1 Qb7b6
37.Rb1a1 Rf8a8
38.h3 b3
39.d4 exd4
40.Ra5xa6 Ra8xa6
41.Ra1xa6 Qb6b4
42.Ra6a8 Kh7
43.Nf3xd4 Qb4xd2
44.Nd4f3 Qd2d1
45.Nf5e3 Qd1xf3
46.Bf1g2 Nf4xg2
47.Ne3xg2 Qf3xh3
48.Ra8b8 Qh3xg4
49.Kf1 Qg4xe4
50.Rb8a8 Qe4xa8
{ resign }
0-1

[Event "Tourn. n9276"]
[Site "www.chess-mail.com"]
[Date "2017.04.10"]
[Round "1"]
[White "Nulladies"]
[Black "Winston"]
[WhiteElo "1780"]
[BlackElo "1810"]
[Result "0-1"]
[Round "1"]
1.d4 d5
2.Bc1f4 c5
3.e3 Nb8c6
4.c3 e6
5.Ng1f3 Ng8f6
6.Nb1d2 Bf8d6
7.Nf3e5 Qd8c7
8.Nd2f3 Nf6d7
9.Bf1d3 c4
10.Bd3c2 Nd7xe5
11.dxe5 Nc6xe5
12.Qd1d4 Ne5xf3
13.gxf3 e5
14.Qd4xd5 exf4
15.e4 Bc8e6
16.Qd5g5 f6
17.Qg5h5 Qc7f7
18.Qh5xf7 Be6xf7
19.Bc2a4 Ke7
20.O-O-O Rh8d8
21.Rh1g1 Kf8
22.Rd1d4 a6
23.Rg1d1 Bd6c7
24.Rd1d2 Rd8xd4
25.cxd4 Bc7a5
26.Rd2c2 b5
{ resign }
0-1

[Event "Tourn. n9286"]
[Site "www.chess-mail.com"]
[Date "2017.04.10"]
[Round "1"]
[White "Claymil"]
[Black "Cal"]
[WhiteElo "1499"]
[BlackElo "1560"]
[Result "1-0"]
[Round "1"]
1.c4 e5
2.Nb1c3 Ng8f6
3.g3 h6
4.Bf1g2 Nb8c6
5.e3 Bf8b4
6.Ng1e2 O-O
7.a3 Bb4a5
8.b4 Ba5b6
9.c5 d5
10.d4 exd4
11.Ne2xd4 a6
12.cxb6 Nc6e5
13.bxc7 Qd8xc7
14.Nc3e2 Bc8g4
15.O-O Ne5c4
16.h3 Bg4h5
17.g4 Bh5g6
18.Ne2f4 Nc4e5
19.Bc1b2 b5
20.Nf4xd5 Qc7d6
21.Nd5xf6 Qd6xf6
22.Bg2xa8 Rf8xa8
23.f4 Ne5c4
24.Bb2c1 Bg6e4
25.Qd1e1 Ra8c8
26.Kh2 Rc8d8
27.Ra1a2 Nc4d6
28.Bc1b2 Nd6c4
29.Bb2a1 Qf6g6
30.a4 f5
31.Qe1h4 Nc4xe3
32.Qh4xd8 Kh7
33.Rf1e1 Ne3d5
34.Nd4xf5 Be4xf5
35.Re1e8 Qg6f7
36.gxf5 Qf7xf5
37.Re8h8 Kg6
38.Qd8e8 Qf5f7
39.Ra2g2 { resign }
1-0

[Event "Match"]
[Site "www.echecsemail.com"]
[Date "2017.04.10"]
[Round "1"]
[White "Libiesse"]
[Black "Coraza8091"]
[WhiteElo "1780"]
[BlackElo "1570"]
[Result "1-0"]
[Round "1"]
1.d4 e6
2.c4 Qd8e7
3.Ng1f3 Qe7b4
4.Nb1d2 Bf8d6
5.a3 Qb4a5
6.c5 Bd6xc5
7.dxc5 Qa5xc5
8.b4 Qc5c3
9.Ra1a2 Ng8f6
10.Ra2c2 Qc3a1
11.Nd2b3 Qa1b1
12.Rc2xc7 O-O
13.Qd1c2 Qb1xc2
14.Rc7xc2 b6
15.Bc1b2 Bc8b7
16.Bb2e5 Bb7e4
17.Rc2c4 Be4d5
18.Rc4c3 Nf6e4
19.Rc3d3 Bd5c4
20.Rd3e3 d5
21.Nb3d2 Ne4xd2
22.Nf3xd2 Nb8c6
23.Be5b2 a5
24.Nd2xc4  { time }
1-0

[Event "Match"]
[Site "www.echecsemail.com"]
[Date "2017.04.10"]
[Round "1"]
[White "Coraza8091"]
[Black "Susov"]
[WhiteElo "1570"]
[BlackElo "1870"]
[Result "0-1"]
[Round "1"]
1.c4 Ng8f6
2.d4 d5
3.c5 Nb8c6
4.Bc1g5 Nf6e4
5.Qd1c1 h6
6.Bg5f4 Bc8f5
7.f3 Ne4f6
8.e3 a6
9.Nb1c3 e6
10.g4 Bf5h7
11.Bf4e5 Nc6xe5
12.dxe5 Nf6d7
13.b4 Nd7xe5
14.Qc1b2 Bh7d3
15.Ra1d1 Bd3xf1
16.Kxf1 Qd8g5
17.f4 Qg5xg4
18.fxe5 Bf8e7
19.Rd1d2 Be7h4
20.Rd2g2 Qg4f5
21.Ke2 Qf5xe5
22.Ng1f3 Qe5h5
23.Nc3d1 O-O-O
24.a4 Bh4f6
25.Qb2d2 d4
26.Kf2 dxe3
27.Qd2xe3 Bf6d4
 { time }
0-1

[Event "Match"]
[Site "www.echecsemail.com"]
[Date "2017.04.10"]
[Round "1"]
[White "Winston"]
[Black "Chapi"]
[WhiteElo "1860"]
[BlackElo "2080"]
[Result "0-1"]
[Round "1"]
1.e4 c5
2.Ng1f3 Nb8c6
3.d4 cxd4
4.Nf3xd4 g6
5.Nb1c3 Bf8g7
6.Bc1e3 Ng8f6
7.Bf1c4 O-O
8.Nd4xc6 bxc6
9.Qd1d2 Nf6xe4
10.Be3d4 Ne4xd2
{ resign }
0-1

[Event "1/32 Finale"]
[Site "www.chess-mail.com"]
[Date "2017.04.10"]
[Round "1"]
[White "Ssharp"]
[Black "Gambitplayer"]
[WhiteElo "2160"]
[BlackElo "1710"]
[Result "1-0"]
[Round "1"]
1.e4 c5
2.Ng1f3 d6
3.Bf1c4 e6
4.Nb1c3 Ng8f6
5.O-O Bf8e7
6.d3 O-O
7.Bc1d2 a6
8.a3 b5
9.Bc4a2 Bc8b7
10.Nc3e2 Nb8d7
11.h3 Nd7b6
12.Ne2g3 Qd8d7
13.Qd1e2 Ra8c8
14.Bd2a5 Be7d8
15.Ra1d1 Qd7e7
16.Nf3h2 d5
17.e5 Nf6d7
18.f4 d4
19.Qe2g4 Kh8
20.Ba5xb6 Bd8xb6
21.Kh1 f5
22.Qg4e2 Rf8e8
23.Nh2f3 Nd7f8
24.Nf3g5 c4
25.dxc4 bxc4
26.Ba2xc4 Qe7c7
27.Bc4xa6 Bb7xa6
28.Qe2xa6 Rc8a8
29.Qa6d3 h6
30.Ng5f3 Re8d8
31.Ng3e2  { time }
1-0

[Event "Tourn. n9207"]
[Site "www.chess-mail.com"]
[Date "2017.04.11"]
[Round "1"]
[White "Aiko1603"]
[Black "Winston"]
[WhiteElo "1840"]
[BlackElo "1800"]
[Result "1/2-1/2"]
[Round "1"]
1.c4 c5
2.Nb1c3 Nb8c6
3.g3 g6
4.Bf1g2 Bf8g7
5.d3 d6
6.Ng1f3 Ng8f6
7.O-O O-O
8.Bc1g5 Bc8d7
9.a3 a6
10.Qd1d2 Kh8
11.Bg5h6 Rf8g8
12.Bh6xg7 Rg8xg7
13.Qd2h6 e6
14.Qh6f4 Qd8e7
15.Nc3e4 Nf6xe4
16.Qf4xe4 Ra8b8
17.h3 b5
18.b3 b4
19.a4 f5
20.Qe4e3 a5
21.d4 Rb8e8
22.dxc5 dxc5
23.Ra1d1 e5
24.Qe3d2 Nc6d4
25.Nf3xd4 exd4
26.Rf1e1 Qe7d6
27.Bg2d5 Bd7e6
28.Bd5xe6 Re8xe6
29.Qd2d3 Rg7e7
30.e3 Kg7
31.Qd3d2 Re7d7
32.Qd2b2 Re6e4
33.exd4 Re4xd4
34.Rd1xd4 cxd4
35.Re1e8 Rd7d8
36.Re8xd8 Qd6xd8
37.Qb2d2 Qd8d6
38.Qd2f4 Qd6xf4
39.gxf4 Kf7
40.Kf1 Ke7
41.Ke2 Kd6
42.Kd3 Kc5
43.f3 h6
44.h4 h5
45.Kd2 { draw }
1/2-1/2

[Event "Tourn. n9244"]
[Site "www.chess-mail.com"]
[Date "2017.04.11"]
[Round "1"]
[White "Faerieking"]
[Black "Norlavuaram"]
[WhiteElo "2190"]
[BlackElo "2130"]
[Result "1-0"]
[Round "1"]
1.e4 e5
2.Ng1f3 Nb8c6
3.Bf1c4 Bf8e7
4.d4 d6
5.h3 Ng8f6
6.d5 Nc6b8
7.Bc4d3 O-O
8.O-O c6
9.c4 c5
10.Nb1c3 a6
11.Bc1e3 Nb8d7
12.Qd1d2 Ra8b8
13.Ra1d1 b5
14.cxb5 axb5
15.b3 b4
16.Nc3a4 Nd7b6
17.Na4xb6 Qd8xb6
18.Nf3h2 h6
19.f4 exf4
20.Rf1xf4 Nf6d7
21.Kh1 Nd7e5
22.Bd3b1 Be7g5
23.Rf4f2 Bg5xe3
24.Qd2xe3 Bc8a6
25.Nh2f3 Ne5xf3
26.gxf3 Rb8e8
27.Rd1g1 f5
28.Qe3xh6 Qb6c7
29.Rf2g2 Rf8f7
30.exf5 Ba6c8
31.f6 { resign }
1-0

[Event "Tourn. n9281"]
[Site "www.chess-mail.com"]
[Date "2017.04.11"]
[Round "1"]
[White "Llcervello"]
[Black "Azulmarino"]
[WhiteElo "1580"]
[BlackElo "1470"]
[Result "1-0"]
[Round "1"]
1.e4 e5
2.d3 d5
3.f3 d4
4.c4 c5
5.g3 f5
6.Bf1h3 g6
7.a4 a5
8.f4 Nb8c6
9.exf5 gxf5
10.Qd1h5 Ke7
11.Bh3xf5 Bc8xf5
12.Qh5xf5 Ng8f6
13.fxe5 Bf8g7
14.Bc1g5 Nc6b4
15.Bg5xf6 Bg7xf6
16.Kd2 Bf6g7
17.e6 Rh8f8
18.Qf5xh7 Rf8f2
19.Ng1e2 Qd8f8
20.Nb1a3 Kxe6
21.Ra1e1 Bg7h6
22.Kd1 Bh6e3
23.Qh7e4 Kf7
24.Rh1f1 Ra8e8
25.Rf1xf2 Be3xf2
26.Qe4xb7 Re8e7
27.Qb7f3 Ke8
28.Qf3h5 Kd8
29.Re1f1 Nb4xd3
30.Kc2 Nd3b4
31.Kb1 d3
32.Ne2d4 Re7e1
33.Rf1xe1 Bf2xe1
34.Nd4e6 Ke7
35.Ne6xf8 d2
36.Nf8g6 Kd6
37.Na3b5 Kc6
38.Qh5e2 Kd7
39.Qe2e7 Kc8
40.Qe7c7 { resign }
1-0

[Event "Tourn. n9239"]
[Site "www.chess-mail.com"]
[Date "2017.04.11"]
[Round "1"]
[White "Passaroa25"]
[Black "Autmich"]
[WhiteElo "1610"]
[BlackElo "1670"]
[Result "0-1"]
[Round "1"]
1.e4 e5
2.f3 Ng8f6
3.c3 d5
4.d3 dxe4
5.dxe4 Qd8xd1
6.Kxd1 Bf8c5
7.Ng1e2 Nb8c6
8.Ne2g3 Bc8e6
9.Nb1d2 O-O-O
10.b4 Bc5e3
11.Bf1e2 h5
12.Ng3f5 Be6xf5
13.Kc2 Bf5g6
14.Nd2b3 Be3xc1
15.Ra1xc1 h4
16.Kb2 h3
17.g3 Nf6d7
18.g4 f6
19.Rh1d1 Bg6f7
20.Nb3d2 Nd7b6
21.a3 a6
22.Kb1 Rd8d7
23.Kb2 Rh8d8
24.Rc1c2 Nb6c4
25.Be2xc4 Bf7xc4
26.Rd1c1 Rd7xd2
27.Rc2xd2 Rd8xd2
28.Rc1c2 Rd2xc2
29.Kxc2 Bc4e2
30.Kd2 Be2xf3
31.Ke3 Bf3xg4
32.Kf2 g6
33.Kg3 f5
34.exf5 gxf5
35.a4 e4
36.Kf2 f4
37.a5 e3
{ resign }
0-1

[Event "Tourn. n9329"]
[Site "www.chess-mail.com"]
[Date "2017.04.11"]
[Round "1"]
[White "Said1991"]
[Black "Sorento"]
[WhiteElo "1809"]
[BlackElo "2100"]
[Result "1/2-1/2"]
[Round "1"]
1.e4 Ng8f6
2.Bf1c4 Nf6xe4
3.Bc4xf7 Kxf7
4.Qd1h5 Kg8
5.Qh5d5 e6
6.Qd5xe4 d5
7.Qe4e2 Nb8c6
8.Ng1f3 { draw }
1/2-1/2

[Event "Tourn. n9309"]
[Site "www.chess-mail.com"]
[Date "2017.04.11"]
[Round "1"]
[White "Pdebonis"]
[Black "Senitram"]
[WhiteElo "2570"]
[BlackElo "2670"]
[Result "1-0"]
[Round "1"]
1.e4 c5
2.Ng1f3 d6
3.d4 cxd4
4.Nf3xd4 Ng8f6
5.Nb1c3 a6
6.Bc1g5 e6
7.f4 Qd8b6
8.Qd1d2 Qb6xb2
9.Ra1b1 Qb2a3
10.f5 Nb8c6
11.fxe6 fxe6
12.Nd4xc6 bxc6
13.Bf1e2 Bf8e7
14.O-O Qa3a5
15.Be2f3 Qa5c7
16.e5 { resign }
1-0

[Event "Tourn. n9299"]
[Site "www.chess-mail.com"]
[Date "2017.04.11"]
[Round "1"]
[White "Sozaro"]
[Black "Panham"]
[WhiteElo "2210"]
[BlackElo "2140"]
[Result "1-0"]
[Round "1"]
1.Ng1f3 Ng8f6
2.Nb1c3 e6
3.e4 d5
4.e5 Nf6d7
5.d4 c5
6.Nc3b5 cxd4
7.Qd1xd4 Nb8c6
8.Qd4f4 Qd8a5
9.Bc1d2 Qa5b6
10.Bd2e3 Qb6a5
11.c3 a6
12.Nf3g5 Nd7xe5
13.Ng5xf7 axb5
14.Nf7xe5 Nc6xe5
15.Qf4xe5 Bc8d7
16.Bf1e2 O-O-O
17.Be3f4 Bd7c6
18.b4 Qa5b6
19.Qe5xe6 Rd8d7
20.O-O Qb6d8
21.a4 Qd8e7
22.axb5 { resign }
1-0

[Event "Tourn. n9306"]
[Site "www.chess-mail.com"]
[Date "2017.04.11"]
[Round "1"]
[White "Autmich"]
[Black "Pachi"]
[WhiteElo "1690"]
[BlackElo "1520"]
[Result "1-0"]
[Round "1"]
1.e4 e5
2.Ng1f3 Nb8c6
3.d4 f6
4.dxe5 fxe5
5.Bf1c4 Ng8f6
6.Nb1c3 Bf8b4
7.O-O Bb4xc3
8.bxc3 Nf6xe4
9.Qd1d5 Ne4d6
10.Nf3xe5 Qd8f6
11.Rf1e1 Nc6e7
12.Ne5f3 c6
13.Qd5d3 b5
14.Bc4b3 a5
15.Bc1g5 Qf6g6
16.Bg5xe7 Qg6xd3
17.Be7xd6 Kd8
18.cxd3 a4
19.Bb3c2 h6
20.Re1e7 g5
21.Nf3e5 Bc8b7
22.Ne5f7 Kc8
23.Nf7xh8 { resign }
1-0

[Event "Match"]
[Site "www.echecsemail.com"]
[Date "2017.04.11"]
[Round "1"]
[White "Wagner"]
[Black "Raulazo"]
[WhiteElo "1810"]
[BlackElo "1840"]
[Result "1-0"]
[Round "1"]
1.e4 e5
2.Bf1c4 Ng8f6
3.d4 Nf6xe4
4.Qd1f3 Ne4f6
5.dxe5 Qd8e7
6.Qf3c3 g6
7.Ng1e2 Nf6e4
8.Qc3d4 Ne4c5
9.b4 Nb8c6
10.Qd4xc5 Qe7xe5
11.Qc5xe5 Nc6xe5
12.Bc4b3 Bf8xb4
13.Bc1d2 a5
14.O-O Bb4e7
15.a4 O-O
16.Bd2f4 Ne5c6
17.Nb1c3 d6
18.Rf1d1 Nc6b4
19.Rd1d2 b6
20.Bf4h6 Rf8e8
21.Nc3b5 Be7d8
22.Ra1e1 Bc8d7
23.c3 Nb4a6
24.Rd2d3 Na6c5
25.Bb3c4 Bd7xb5
26.Bc4xb5 Nc5xd3
27.Bb5xd3 Bd8f6
28.f3 c5
29.Bd3b5 Re8e6
30.Kf1 g5
31.Bb5c6 Ra8d8
32.c4 Bf6e7
33.Bc6d5 Re6xh6
34.Ne2g3 Rh6g6
35.Re1xe7 Rg6f6
36.Ng3h5 Rf6f5
37.g4 Rf5e5
38.Re7xf7 Kh8
39.Nh5f6 Rd8d7
40.Rf7xd7 { resign }
1-0

[Event "Match"]
[Site "www.echecsemail.com"]
[Date "2017.04.11"]
[Round "1"]
[White "Raulazo"]
[Black "Fangshuo"]
[WhiteElo "1830"]
[BlackElo "2050"]
[Result "0-1"]
[Round "1"]
1.c4 c5
2.e4 e6
3.Nb1c3 Ng8e7
4.Ng1f3 Nb8c6
5.g3 d5
6.cxd5 exd5
7.Bf1g2 Bc8g4
8.O-O Qd8d7
9.exd5 Ne7xd5
10.Nc3xd5 Qd7xd5
11.Rf1e1 Bf8e7
12.h3 Bg4h5
13.g4 Bh5g6
14.Nf3e5 Qd5d6
15.Ne5c4 Qd6c7
16.d3 O-O
17.Bg2xc6 bxc6
18.Re1e2 h5
19.Qd1e1 Rf8e8
20.Nc4e5 Bg6h7
21.Bc1f4 Be7d6
22.Ra1d1 Kf8
23.Bf4g3 h4
24.Bg3xh4 Bd6xe5
25.Bh4g3 Be5xg3
26.fxg3 Re8xe2
27.Qe1xe2 Qc7xg3
28.Kh1 Qg3xh3
29.Kg1 Ra8e8
30.Qe2c2 Qh3xg4
31.Kf1 Re8d8
32.Qc2xc5 Kg8
33.Qc5c2 Qg4f3
34.Kg1 Bh7xd3
35.Rd1xd3 Rd8xd3
36.b4 Rd3d1
{ resign }
0-1